LEADER 03266nam 2200529 450 001 9910688229803321 005 20210211 010 $a3-428-50636-7 035 $a(CKB)3710000000852148 035 $a(MiAaPQ)EBC4561152 035 $a(oapen)https://directory.doabooks.org/handle/20.500.12854/47674 035 $a(EXLCZ)993710000000852148 100 $a20170719h20012001 uy 0 101 0 $ager 135 $aurcnu|||||||| 181 $2rdacontent 182 $2rdamedia 183 $2rdacarrier 200 10$aFinanzreformen in der Bundesrepublik Deutschland $eanalyse der Vera?nderungen der Finanzverfassung von 1949 bis 1989 /$fvon Torsten Schmidt 210 $cDuncker & Humblot$d2001 210 1$aBerlin, [Germany] :$cDuncker & Humblot,$d2001. 210 4$d©2001 215 $a1 online resource (219 pages) $cillustrations, tables 225 1 $aSchriften des Rheinisch-Westfa?lischen Instituts fu?r Wirtschaftsforschung. Neue Folge,$x0720-7212 ;$vHeft 67 311 $a3-428-10636-9 320 $aIncludes bibliographical references. 330 $aDie aktuelle Diskussion über eine Reform des deutschen Bundesstaates hat Regelungen des Grundgesetzes zum Gegenstand, die erst nach Gründung der Bundesrepublik eingeführt wurden. Dies gilt für den Länderfinanzausgleich und die vertikale Einnahmenverteilung, aber auch für die Gemeinschaftsaufgaben und die Bundesinvestitionshilfen. Eine Analyse der Grundgesetzänderungen kann daher zu einem besseren Verständnis der Funktionsweise des deutschen Bundesstaates beitragen und Ansatzpunkte für zukünftige Reformen liefern. Der Verfasser arbeitet mit Hilfe der Organisationenökonomik die Bedeutung der bundesstaatlichen Institutionen für die Veränderungen heraus. Der institutionelle Rahmen, wie die Mitwirkung der Länder auf der Bundesebene und die Kompetenzverteilung zwischen Bund und Ländern, beeinflusst die Transaktionskosten, die bei der Aufrechterhaltung und Veränderung von Institutionen aufgewendet werden müssen. Torsten Schmidt stellt die These auf, dass viele der neu geschaffenen Institutionen dazu dienen, Transaktionskosten im Bund-Länder-Verhältnis zu senken. Reformen sind immer dann zu erwarten, wenn die Entscheidungsträger durch Veränderungen der Umwelt Anreize dazu erhalten. Darüber hinaus können die Entscheidungsträger Erfahrungen mit bestehenden Institutionen sammeln, die zu Reformen führen. Da sie aber wiederum mit erheblichen Transaktionskosten verbunden sind, können keine "großen Würfe" erwartet werden. 410 0$aRWI Schriften.$pNeue Folge ;$vHeft 67. 606 $aFiscal policy$zGermany (West) 606 $aStructural adjustment (Economic policy)$zGermany (West) 610 $aTransaktionskosten 610 $aFöderalismus 610 $aStaats- und Verfassungsrecht 610 $aFinanzausgleich 610 $aBundesstaat 610 $aFinanzpolitik 615 0$aFiscal policy 615 0$aStructural adjustment (Economic policy) 676 $a336.43 700 $aSchmidt$b Torsten$01352872 801 0$bMiAaPQ 801 1$bMiAaPQ 801 2$bMiAaPQ 906 $aBOOK 912 $a9910688229803321 996 $aFinanzreformen in der Bundesrepublik Deutschland$93205425 997 $aUNINA LEADER 03051nam 2200601Ia 450 001 9910784831903321 005 20230607152705.0 010 $a0-19-774294-7 010 $a1-281-16259-0 010 $a9786611162597 010 $a0-19-804038-5 010 $a1-4356-0091-6 035 $a(CKB)1000000000409277 035 $a(EBL)416040 035 $a(OCoLC)476246766 035 $a(SSID)ssj0000270234 035 $a(PQKBManifestationID)11194129 035 $a(PQKBTitleCode)TC0000270234 035 $a(PQKBWorkID)10261968 035 $a(PQKB)10101373 035 $a(Au-PeEL)EBL416040 035 $a(CaPaEBR)ebr10180676 035 $a(CaONFJC)MIL116259 035 $a(MiAaPQ)EBC416040 035 $a(EXLCZ)991000000000409277 100 $a20061222d2008 uy 0 101 0 $aeng 135 $aur|n|---||||| 181 $ctxt 182 $cc 183 $acr 200 10$aWelfare transformed$b[electronic resource] $euniversalizing family policies that work /$fRobert Cherry 210 $aNew York $cOxford University Press$dc2008 215 $a1 online resource (226 p.) 300 $aDescription based upon print version of record. 311 $a0-19-518312-6 320 $aIncludes bibliographical references and index. 327 $aContents; PART I: Setting the Stage for Reform; 1. Moving Families Forward; 2. Changing Welfare as We Know It: Clinton's ''Making Work Pay'' Philosophy; 3. Work Effort among the Poor; 4. Domestic Violence, Teen Childbearing, and Race; PART II: Measured Successes; 5. Welfare Reform during the Economic Boom; 6. Importance of a High-Employment Economy; PART III: Moving Forward; 7. Federal and State Child Support Policies; 8. Vocational Training that Works; 9. Strengthening Partner Relationships and Child Support; 10. TANF Reauthorization: Where Do We Go from Here?; Notes; Index; A; B; C; D; E; F 327 $aGH; I; J; K; L; M; N; O; P; R; S; T; U; V; W; Z 330 $aIn the ten years after President Clinton made good on his promise to ""end welfare as we know it"" by signing the reform act of 1996, the number of families on welfare dropped by over three million. This hotly contested legislation has fueled countless hyperbolic arguments from both sides of the political spectrum rather than a clearheaded examination of the actual results of the reform. Robert Cherry steps into the fray with a story that differs sharply from both conservative and liberal critiques. He portrays the women who left welfare as success stories rather than victims, and stresses the 606 $aPublic welfare$zUnited States$xEvaluation 606 $aWelfare recipients$xEmployment$zUnited States$xEvaluation 615 0$aPublic welfare$xEvaluation. 615 0$aWelfare recipients$xEmployment$xEvaluation. 676 $a362.5/5680973 700 $aCherry$b Robert D.$f1944-$01512938 801 0$bMiAaPQ 801 1$bMiAaPQ 801 2$bMiAaPQ 906 $aBOOK 912 $a9910784831903321 996 $aWelfare transformed$93747149 997 $aUNINA